书目信息 |
| 题名: |
简明审计学原理
|
|
| 作者: | 毛洪涛 , 沈建中 主编 | |
| 分册: | ||
| 出版信息: | 成都 电子科技大学出版社 1994 |
|
| 页数: | 312页 | |
| 开本: | 21cm | |
| 丛书名: | ||
| 单 册: | ||
| 中图分类: | F239.0 | |
| 科图分类: | ||
| 主题词: | 审计学 | |
| 电子资源: | ||
| ISBN: | 7-81016-569-0 | |
| 000 | 00767nam0 2200241 45 | |
| 001 | 012006041103 | |
| 005 | 20070113110528.18 | |
| 010 | @a7-81016-569-0@dCNY25.00 | |
| 092 | @aCN@b490856 | |
| 100 | @a20060411e20051994em y0chiy0120 ea | |
| 101 | 0 | @achi |
| 102 | @aCN@b510000 | |
| 105 | @ay z 000yy | |
| 200 | 1 | @a简明审计学原理@9jian ming shen ji xue yuan li@f毛洪涛,沈建中主编 |
| 210 | @a成都@c电子科技大学出版社@d1994@h2005重印 | |
| 215 | @a312页@d21cm | |
| 330 | @a本书主要介绍了审计的基本类型和组织;审计标准与审计证据;审计的基本程序和方法;企业财务审计等。 | |
| 606 | 0 | @a审计学 |
| 690 | @aF239.0@v4 | |
| 701 | 0 | @a毛洪涛@9mao hong tao@4主编 |
| 701 | 0 | @a沈建中@9shen jian zhong@4主编 |
| 801 | 0 | @aCN@bLZJBOOK@c20070113 |
| 905 | @a10447@dF239.0@e226 | |
| 简明审计学原理/毛洪涛,沈建中主编.-成都:电子科技大学出版社,1994(2005重印) |
| 312页;21cm |
| ISBN 7-81016-569-0:CNY25.00 |
| 本书主要介绍了审计的基本类型和组织;审计标准与审计证据;审计的基本程序和方法;企业财务审计等。 |
| ● |
| 相关链接 |
|
|
|
|
正题名:简明审计学原理
索取号:F239.0/226
 
预约/预借
| 序号 | 登录号 | 条形码 | 馆藏地/架位号 | 状态 | 备注 |
| 1 | 0563557 | 205635570 | 第一样本阅览室/ [索取号:F239.0/226] | 在馆 | |
| 2 | 0563558 | 205635589 | 密集书库/ [索取号:F239.0/226] | 在馆 | |
| 3 | 0563559 | 205635598 | 第一借阅区/ [索取号:F239.0/226] | 在馆 | |
| 4 | 0563560 | 205635605 | 密集书库/ [索取号:F239.0/226] | 在馆 | |
| 5 | 0563561 | 205635614 | 密集书库/ [索取号:F239.0/226] | 在馆 | |
| 6 | 0563562 | 205635623 | 第一借阅区/ [索取号:F239.0/226] | 在馆 | |
| 7 | 0563563 | 205635632 | 第一借阅区/ [索取号:F239.0/226] | 在馆 | |
| 8 | 0563564 | 205635641 | 第一借阅区/ [索取号:F239.0/226] | 在馆 |